Catalog

Record Details

Catalog Search



Live free or die : America (and the world) on the brink  Cover Image Book Book

Live free or die : America (and the world) on the brink / Sean Hannity.

Summary:

Built on principles of freedom, rugged individualism, and self-sufficiency, no country has ever accumulated more power and wealth, abused it less, or used that power more to advance the human condition. Yet as America blossomed, left-wing radicalism and resentment festered beneath the surface, threatening to undermine democracy first in the sixties and now in the form of social justice warriors, the deep state, and compromised institutions like academia and the mainstream media. Hannity shows that a Democratic victory in 2020 will mean socialized medicine, abortion on demand, open borders, and our great nation will be fundamentally transformed beyond recognition.

Record details

  • ISBN: 9781982149970
  • ISBN: 1982149973
  • ISBN: 9781982149987
  • ISBN: 1982149981
  • Physical Description: ix, 342 pages ; 24 cm
  • Edition: First Threshold Editions hardcover edition.
  • Publisher: New York : Threshold Editions, 2020.

Content descriptions

Bibliography, etc. Note:
Includes bibliographical references (pages [293]-342).
Formatted Contents Note:
Introduction: A warning -- "A Republic-- if you can keep it" -- Rise of the radicals -- Welcome to Fantasyland: the Democrats' 2020 agenda -- Socialism: a history of failure -- Deep State I: Russian collusion-- the hoax of the century -- Deep State II: Impeachment-- the failed attempt to decapitate the Trump presidency -- Enemy of the people: The hate-Trump media mob -- "Organized destruction": the left's assault on free speech -- Trump triumphs -- Trump's response to the cornoavirus and America's great comeback -- Conclusion.
Subject: United States > Politics and government > 21st century.
POLITICAL SCIENCE / Commentary & Opinion.
POLITICAL SCIENCE / Political Ideologies / Conservatism & Liberalism.
POLITICAL SCIENCE / American Government / National.

Available copies

  • 1 of 1 copy available at scottsboropl.

Holds

  • 0 current holds with 1 total copy.
Show Only Available Copies
Location Call Number / Copy Notes Barcode Shelving Location Status Due Date
scottsboropl 320.9 Han 32269001197071 Adult - Nonfiction Available -

LDR 03610cam a22005898i 4500
001156418
003SBPL
00520210826165005.0
008200501t20202020nyu b 000 0 eng
010 . ‡a 2020019350
020 . ‡a9781982149970 ‡q(hardcover)
020 . ‡a1982149973 ‡q(hardcover)
020 . ‡a9781982149987 ‡q(paperback)
020 . ‡a1982149981 ‡q(paperback)
035 . ‡a(OCoLC)1154093274 ‡z(OCoLC)1129100146 ‡z(OCoLC)1157048918 ‡z(OCoLC)1176539412 ‡z(OCoLC)1240292917
05000. ‡aJK275 ‡b.H365 2020
08200. ‡a320.973 ‡223
1001 . ‡aHannity, Sean, ‡d1961- ‡eauthor.
24510. ‡aLive free or die : ‡bAmerica (and the world) on the brink / ‡cSean Hannity.
24630. ‡aAmerica (and the world) on the brink
250 . ‡aFirst Threshold Editions hardcover edition.
264 1. ‡aNew York : ‡bThreshold Editions, ‡c2020.
300 . ‡aix, 342 pages ; ‡c24 cm
336 . ‡atext ‡btxt ‡2rdacontent
337 . ‡aunmediated ‡bn ‡2rdamedia
338 . ‡avolume ‡bnc ‡2rdacarrier
504 . ‡aIncludes bibliographical references (pages [293]-342).
5050 . ‡aIntroduction: A warning -- "A Republic-- if you can keep it" -- Rise of the radicals -- Welcome to Fantasyland: the Democrats' 2020 agenda -- Socialism: a history of failure -- Deep State I: Russian collusion-- the hoax of the century -- Deep State II: Impeachment-- the failed attempt to decapitate the Trump presidency -- Enemy of the people: The hate-Trump media mob -- "Organized destruction": the left's assault on free speech -- Trump triumphs -- Trump's response to the cornoavirus and America's great comeback -- Conclusion.
520 . ‡aBuilt on principles of freedom, rugged individualism, and self-sufficiency, no country has ever accumulated more power and wealth, abused it less, or used that power more to advance the human condition. Yet as America blossomed, left-wing radicalism and resentment festered beneath the surface, threatening to undermine democracy first in the sixties and now in the form of social justice warriors, the deep state, and compromised institutions like academia and the mainstream media. Hannity shows that a Democratic victory in 2020 will mean socialized medicine, abortion on demand, open borders, and our great nation will be fundamentally transformed beyond recognition.
651 0. ‡aUnited States ‡xPolitics and government ‡y21st century.
650 7. ‡aPOLITICAL SCIENCE / Commentary & Opinion.
650 7. ‡aPOLITICAL SCIENCE / Political Ideologies / Conservatism & Liberalism.
650 7. ‡aPOLITICAL SCIENCE / American Government / National.
901 . ‡a156418 ‡b ‡c156418 ‡tbiblio

Additional Resources